Lincoln
I tiakina i:
| Kaituhi matua: | |
|---|---|
| Hōputu: | Pukapuka |
| Reo: | Pāniora |
| I whakaputaina: |
Santiago
Ultra
1940
|
| Putanga: | 3a. ed |
| Ngā marau: | |
| Ngā Tūtohu: |
Tāpirihia he Tūtohu
Kāore He Tūtohu, Me noho koe te mea tuatahi ki te tūtohu i tēnei pūkete!
|
MARC
| LEADER | 00000cam a2200000 a 4500 | ||
|---|---|---|---|
| 001 | UCP8267 | ||
| 003 | CL-VaPUC | ||
| 008 | 000114e19400000CL |||||||||||||||||spa|d | ||
| 082 | 0 | 4 | |a 923.1 |b LUD |2 21 |
| 100 | |a Ludwig, Emil |e autor |9 588142 | ||
| 245 | 1 | 0 | |a Lincoln |
| 250 | |a 3a. ed | ||
| 300 | |a 387 p | ||
| 942 | |c BK | ||
| 945 | |d 20000114 00:00:00 |a rherrera | ||
| 260 | |a Santiago |b Ultra |c 1940 | ||
| 600 | 0 | |a Lincoln, Abraham, |d 1809-1865 |9 321765 | |
| 650 | 0 | |a Biografías |9 255210 | |
| 650 | 0 | |a Presidentes |9 255176 | |
| 650 | 0 | |a Vida y obra |9 311871 | |
| 651 | 0 | |a Estados Unidos |9 255178 | |
| 583 | |a last modification |c 20130822 05:26:57 |k Rodrigo Vera | ||
| 999 | |c 285199 |d 285197 | ||
| 952 | |0 0 |1 0 |4 0 |6 923_100000000000000_LUD_1940 |7 0 |8 X |9 329632 |a BIBHIS |b BIBHIS |d 2019-11-20 |i 1377477 |o 923.1 LUD 1940 |p 1377477 |r 2024-01-30 |w 2019-11-20 |y BK_X |k HIS | ||
| 952 | |0 0 |1 0 |3 erb |4 0 |6 923_100000000000000_LUD_1940 |7 0 |8 X |9 329633 |a FDOBUD |b FDOBUD |d 2019-11-20 |i 4998529 |o 923.1 LUD 1940 |p 4998529 |r 2019-11-20 |w 2019-11-20 |y BK_X |z Catalogado en:20130829 |k BUD | ||